| 000 | 00693cam a22002172 4500 | ||
|---|---|---|---|
| 001 | 0000019566 | ||
| 005 | 20151217152157.0 | ||
| 008 | 110110s xx 000 0 eng d | ||
| 020 | _a0340816455 | ||
| 040 |
_aKABU _cKABU |
||
| 100 | 1 |
_aLucas, Adetokunbo O. _@0000178359 |
|
| 245 | 1 | 2 |
_aA Short textbook of preventive medicine for the tropics / _cAdetokunbo O. Lucas, Herbert M. Gilles. |
| 250 | _a4th ed. | ||
| 260 |
_aLondon : _bHodder & Stughton, _c2003. |
||
| 300 | _a389p. | ||
| 650 | 0 |
_aMedicine, Preventive _zTropics. _@0000178360 |
|
| 700 | 1 |
_aGilles, Herbert M. _@0000178361 |
|
| 852 | 1 | _9p1140 KES | |
| 908 | _a110110 | ||
| 950 | _@1 | ||
| 999 |
_c9002 _d9002 |
||